| 000 | 007260000a22002050004500 | ||
|---|---|---|---|
| 003 | LK-CoMWRAF | ||
| 005 | 20231120161547.0 | ||
| 008 | 230817t1985 ||||| |||| 00| 0 eng d | ||
| 040 |
_aLK-CoMWRAF _dLK-CoMWRAF _eLK-CoMWRAF |
||
| 041 | _aeng | ||
| 082 |
_a305.8 _bJAY |
||
| 100 | _aJayawardena, Kumari | ||
| 245 |
_aEthnic and class conflicts in Sri Lanka : _bsome aspects of Sinhala Buddhist consciousness over the past 100 years |
||
| 260 |
_aDehiwala: _bCentre for Social Analysis, _c[1985] |
||
| 300 |
_a142 p. : ill. ; 26 cm. _bBibliography included |
||
| 650 | _aSocial conflict -- Sri Lanka Buddhism -- Sri Lanka | ||
| 650 | _aSri Lanka -- Ethnic relations | ||
| 650 | _aSri Lanka -- Race relations | ||
| 942 | _cBK | ||
| 999 |
_c2742 _d2742 |
||